000
00331 a2200109 4500
001
ART_46681
005
20260410162040.0
008
260409a
245
1
0
_a
Equidad de género del sistema tributario en la Argentina
100
1
_a
Rossignolo, Darío
773
0
_t
Revista Cepal
_g
- Nº 124 (abr. 2018)
_w
REV45125
999
_c
34760
_d
34760